İnsanlığın medeniyet destanı (Record no. 2207)

000 -LEADER
fixed length control field 00892nmm a2200289 a 4500
001 - CONTROL NUMBER
control field ocm000578320
003 - CONTROL NUMBER IDENTIFIER
control field TR-IsHL
005 - DATE AND TIME OF LATEST TRANSACTION
control field 20201028123052.0
008 - FIXED-LENGTH DATA ELEMENTS--GENERAL INFORMATION
fixed length control field 110704s2007 tu tur
007 - PHYSICAL DESCRIPTION FIXED FIELD--GENERAL INFORMATION
fixed length control field cr cn
020 ## - INTERNATIONAL STANDARD BOOK NUMBER
International Standard Book Number 9789756186183
035 ## - SYSTEM CONTROL NUMBER
System control number 578320
-- (N$T)
050 04 - LIBRARY OF CONGRESS CALL NUMBER
Classification number CB78
Item number .G37 2007
090 04 - LOCALLY ASSIGNED LC-TYPE CALL NUMBER (OCLC); LOCAL CALL NUMBER (RLIN)
Classification number (OCLC) (R) ; Classification number, CALL (RLIN) (NR) CB78
Local cutter number (OCLC) ; Book number/undivided call number, CALL (RLIN) .G37 2007
100 1# - MAIN ENTRY--PERSONAL NAME
Personal name Garaudy, Roger
245 10 - TITLE STATEMENT
Title İnsanlığın medeniyet destanı
Medium [electronic resource] /
Statement of responsibility, etc. Roger Garaudy ; çev. Cemal Aydın
250 ## - EDITION STATEMENT
Edition statement 2. bs.
260 ## - PUBLICATION, DISTRIBUTION, ETC.
Place of publication, distribution, etc. İstanbul :
Name of publisher, distributor, etc. Türk Edebiyatı Vakfı Yayınları,
Date of publication, distribution, etc. 2007
300 ## - PHYSICAL DESCRIPTION
Extent 208 p.
650 #4 - SUBJECT ADDED ENTRY--TOPICAL TERM
Topical term or geographic name entry element Tarih
650 #4 - SUBJECT ADDED ENTRY--TOPICAL TERM
Topical term or geographic name entry element History
650 #0 - SUBJECT ADDED ENTRY--TOPICAL TERM
Topical term or geographic name entry element Medeniyet
General subdivision Tarih
650 #0 - SUBJECT ADDED ENTRY--TOPICAL TERM
Topical term or geographic name entry element Civilization
General subdivision History
650 #7 - SUBJECT ADDED ENTRY--TOPICAL TERM
Topical term or geographic name entry element HISTORY / Civilization
Source of heading or term bisacsh
700 1# - ADDED ENTRY--PERSONAL NAME
Personal name Aydın, Cemal
856 40 - ELECTRONIC LOCATION AND ACCESS
Uniform Resource Identifier <a href="http://search.ebscohost.com/login.aspx?direct=true&scope=site&db=e011xww&AN=578320">http://search.ebscohost.com/login.aspx?direct=true&scope=site&db=e011xww&AN=578320</a>
Holdings
Withdrawn status Lost status Source of classification or shelving scheme Damaged status Not for loan Collection code Permanent Location Current Location Date acquired Total Checkouts Full call number Barcode Date last seen Price effective from Koha item type
        Online   Kıbrıs Amerikan Üniversitesi Kütüphanesi / American University of Cyprus Kıbrıs Amerikan Üniversitesi Kütüphanesi / American University of Cyprus 28.10.2020   CB78 .G37 2007 578320 28.10.2020 28.10.2020 E-Kitap
Devinim Yazılım Eğitim Danışmanlık tarafından Koha'nın orjinal sürümü uyarlanarak geliştirilip kurulmuştur.